| 000 -LEADER |
| fixed length control field |
00496nam a2200169Ia 4500 |
| 001 - CONTROL NUMBER |
| control field |
7620 |
| 003 - CONTROL NUMBER IDENTIFIER |
| control field |
GE_BSU |
| 008 - FIXED-LENGTH DATA ELEMENTS--GENERAL INFORMATION |
| fixed length control field |
181216s||||||||xx |||||||||||||| ||und|| |
| 040 ## - CATALOGING SOURCE |
| Transcribing agency |
GE_BSU |
| 245 ## - TITLE STATEMENT |
| Title |
География и природные ресурсы.№2.2013 |
| 245 ## - TITLE STATEMENT |
| Statement of responsibility, etc. |
Гл. ред. В.М.Плюснин. (ред.колл.) |
| 260 ## - PUBLICATION, DISTRIBUTION, ETC. |
| Place of publication, distribution, etc. |
москва. |
| 260 ## - PUBLICATION, DISTRIBUTION, ETC. |
| Date of publication, distribution, etc. |
2013. |
| 300 ## - PHYSICAL DESCRIPTION |
| Extent |
180ст,27см. |
| 653 ## - INDEX TERM--UNCONTROLLED |
| Uncontrolled term |
География и природные ресурсы. |
| 942 ## - ADDED ENTRY ELEMENTS (KOHA) |
| Koha item type |
პერიოდიკა |